EL EDUCADOR DE UN IMPERIO/

Tallennettuna:
Bibliografiset tiedot
Päätekijä: Jerez, Hipólito (autor)
Aineistotyyppi: Kirja
Aiheet:
Tagit: Lisää tagi
Ei tageja, Lisää ensimmäinen tagi!

MARC

LEADER 00000nam^a2200000^a^4500
001 000227904
005 20250521000000.0
009 20260310104301.789
035 |a 046993 
037 |a Acervo Xavier Clavigero 
082 |a 870. 092  |b JER 
100 |a Jerez, Hipólito  |e (autor) 
245 1 3 |a EL EDUCADOR DE UN IMPERIO/  |c HIPOLITO JEREZ, S.J 
264 |a SANTANDER :  |b SAL TERRAE,  |c 1960 
300 |a 304p. 
336 |a texto  |b txt  |2 rdacontenido 
337 |a sin mediación  |b n  |2 rdamedio 
338 |a volumen  |b nc  |2 rdasoporte 
649 |a XX 
650 |a Horacio Flaco, Quinto 
910 |a Fondo General 
920 |a Impresos - Libros 
930 |a Colección General 
940 |a Literatura 
905 |a 101 
901 |a 046993  |b IT1  |c LIT  |i 046993  |u 20250521 
902 |a https://opac.biblio.iteso.mx/vufind/Record/000227904